Sudden Death: Cities Over 1M Population - Statistics

General Stats
  • This quiz has been taken 57 times
  • The average score is 4 of 18
Answers on the Grid
Answers color-coded by a green-red scale on the quiz's grid according to % correct below.
N'Djamena
Yerevan
Panama City
Ottawa
Managua
Voronezh
Sao Luis
Qiqihar
Santo Domingo
Odessa
Jacksonville
Vientiane
Cologne
Omsk
Maputo
Bishkek
Islamabad
Lilongwe
Indianapolis
Southmampton
Oran
Dresden
Nice
Hermosillo
Ashgabat
 
Answer Stats
Answer % Correct
Cologne
43%
Islamabad
43%
Santo Domingo
38%
Panama City
30%
Jacksonville
28%
Maputo
28%
Ottawa
28%
Managua
25%
N'Djamena
25%
Sao Luis
25%
Lilongwe
23%
Odessa
20%
Omsk
20%
Yerevan
20%
Bishkek
18%
Vientiane
18%
Voronezh
10%
Qiqihar
8%
No matching quizzes found
Score Distribution
Percent of People with Each Score
Percentile by Number Answered
Your Score History
You have not taken this quiz